[Event "Championnat de France - Vétérans"]
[Site "PAU"]
[Date "2012.08.19"]
[Round "6.4"]
[White "Ruiz, Richard"]
[Black "Birens, Eric-Andre"]
[Result "1/2-1/2"]
[WhiteElo "2119"]
[BlackElo "1955"]
[PlyCount "69"]

1. Nf3 Nf6 2. g3 g6 3. Bg2 Bg7 4. O-O O-O 5. d4 d6 6. a4 a5 7. Nc3 Nc6 8. d5
Nb4 9. Re1 Re8 10. e4 c6 11. h3 Nd7 12. Be3 Nc5 13. Bd4 Bxd4 14. Nxd4 e5 15.
dxe6 Nxe6 16. Nxe6 Bxe6 17. Qd2 Qb6 18. Kh2 Rad8 19. f4 d5 20. exd5 Nxd5 21.
Nxd5 Bxd5 22. Bxd5 cxd5 23. c3 Re4 24. Re2 h5 25. f5 h4 26. Rg1 Rde8 27. Rxe4
Rxe4 28. fxg6 Qe6 29. gxf7+ Kf8 30. Qg5 Re2+ 31. Rg2 Rxg2+ 32. Kxg2 Qe2+ 33.
Kg1 Qe1+ 34. Kg2 Qe2+ 35. Kg1 1/2-1/2

[Event "Championnat de France - Vétérans"]
[Site "PAU"]
[Date "2012.08.19"]
[Round "6.5"]
[White "Andrieu, Philippe"]
[Black "Maury, Claude"]
[Result "1-0"]
[WhiteElo "1890"]
[BlackElo "1831"]
[PlyCount "57"]

1. d4 d5 2. Nc3 c6 3. e4 dxe4 4. Nxe4 Bf5 5. Ng3 Bg6 6. Nf3 h6 7. Ne5 Bh7 8.
Qh5 g6 9. Qf3 Nf6 10. Bc4 e6 11. Ne4 Nbd7 12. Nxd7 Nxd7 13. Bd2 Qe7 14. a3 a5
15. Bf4 Qh4 16. g3 Qh3 17. Bd6 Qf5 18. Qe2 g5 19. Bd3 Qd5 20. Be5 b5 21. Bxh8
f5 22. c4 bxc4 23. Bxc4 Qxe4 24. Qxe4 fxe4 25. Bxe6 Ke7 26. Bg4 Nf6 27. Bxf6+
Kxf6 28. Rc1 Ra6 29. Bd7 1-0

[Event "Championnat de France - Vétérans"]
[Site "PAU"]
[Date "2012.08.19"]
[Round "6.6"]
[White "Violeau, Jean-Luc"]
[Black "Coussot, Jean-Claude"]
[Result "1/2-1/2"]
[WhiteElo "1887"]
[BlackElo "1813"]
[PlyCount "98"]

1. Nf3 Nf6 2. c4 c5 3. Nc3 Nc6 4. g3 g6 5. Bg2 Bg7 6. O-O O-O 7. d3 d6 8. Bg5
h6 9. Be3 e5 10. Qc1 Kh7 11. Nd2 Bf5 12. Nd5 Nxd5 13. Bxd5 Bh3 14. Bg2 Bxg2 15.
Kxg2 f5 16. f4 Qe7 17. Nf3 Rae8 18. Re1 e4 19. dxe4 Qxe4 20. Kf2 Re7 21. Bd2
Nd4 22. Nxd4 Qxd4+ 23. e3 Qxb2 24. Qxb2 Bxb2 25. Rab1 Bf6 26. Rb3 b6 27. Rd1
Re4 28. Rc1 Rd8 29. Rd3 Kg7 30. Rd5 Kf7 31. a4 Ke6 32. Rd3 Rd7 33. Ke2 h5 34.
Rb3 d5 35. cxd5+ Rxd5 36. a5 Rd6 37. axb6 Rxb6 38. Rcb1 Bd8 39. Bc3 Ra4 40. Be5
c4 41. R3b2 Rc6 42. Kd2 Ra3 43. Ke2 Raa6 44. Bd4 Rc7 45. Rc2 Ra5 46. Rcb2 Ra6
47. Rc2 Ra5 48. Rcb2 Ra6 49. Rc2 Ra5 1/2-1/2

[Event "Championnat de France - Vétérans"]
[Site "PAU"]
[Date "2012.08.19"]
[Round "6.7"]
[White "Dubreuil, Remy"]
[Black "Fayolle, Guy"]
[Result "1-0"]
[WhiteElo "1854"]
[BlackElo "1781"]
[PlyCount "65"]

1. d4 Nf6 2. c4 g6 3. Nc3 Bg7 4. e4 d6 5. Nf3 O-O 6. Be2 e5 7. d5 Nbd7 8. O-O
Nc5 9. Qc2 a5 10. Be3 b6 11. Nd2 Ng4 12. Bxg4 Bxg4 13. f3 Bd7 14. a3 a4 15. b4
axb3 16. Nxb3 Nxb3 17. Qxb3 f5 18. Nb5 f4 19. Bd2 Bf6 20. Be1 h5 21. Kh1 g5 22.
g3 g4 23. gxf4 exf4 24. Bc3 Bxb5 25. cxb5 Bxc3 26. Qxc3 Qe7 27. Rae1 Kh7 28. e5
Qg7 29. Qc2+ Kh6 30. exd6 cxd6 31. Re6+ Rf6 32. Qf5 Qg6 33. Rxf6 1-0

[Event "Championnat de France - Vétérans"]
[Site "PAU"]
[Date "2012.08.19"]
[Round "6.8"]
[White "Lapierre, Jacques"]
[Black "Grizou, Regis"]
[Result "1/2-1/2"]
[WhiteElo "1854"]
[BlackElo "2159"]
[PlyCount "69"]

1. d4 d5 2. Bf4 Nf6 3. e3 e6 4. Nd2 Bd6 5. Bg3 c5 6. c3 Nc6 7. Ngf3 O-O 8. Bb5
Qe7 9. Bxc6 bxc6 10. Ne5 Bxe5 11. dxe5 Nd7 12. O-O f6 13. Nf3 fxe5 14. Nxe5
Nxe5 15. Bxe5 Ba6 16. Re1 Rad8 17. Qa4 Bb5 18. Qa5 Bd3 19. Rad1 c4 20. b4 Rf7
21. Rd2 Rc8 22. Rb2 Qd8 23. Qxd8+ Rxd8 24. Rd1 Rfd7 25. Rbd2 Rb7 26. a4 a6 27.
f4 Rbd7 28. a5 Be4 29. Rf2 Rf7 30. h4 h5 31. Kh2 Kh7 32. g3 g6 33. Kh3 Bf5+ 34.
Kh2 Be4 35. Kh3 1/2-1/2

[Event "Championnat de France - Vétérans"]
[Site "PAU"]
[Date "2012.08.19"]
[Round "6.9"]
[White "Zurano, Alberto"]
[Black "Peyrin, Jean"]
[Result "1-0"]
[WhiteElo "1830"]
[BlackElo "1949"]
[Annotator "Rivier,Sylvain"]
[PlyCount "75"]

1. e4 c5 2. Nf3 e6 3. d4 cxd4 4. Nxd4 Nc6 5. Nb5 d6 6. c4 a6 7. N5c3 Nf6 8. Be2
Be7 9. O-O O-O 10. Be3 b6 11. Na3 Qc7 12. Nc2 Bb7 13. f3 Nd7 14. Qd2 Na5 15. b3
Rac8 16. Bf2 b5 17. Ne3 bxc4 18. Nxc4 Nxc4 19. Bxc4 Bf6 20. Bd4 Bxd4+ 21. Qxd4
Ne5 22. Rac1 Nxc4 23. bxc4 Qxc4 24. Qxd6 Rc6 25. Qd2 Qc5+ 26. Kh1 Rd6 27. Nd5
Qa3 28. Rc3 Qa5 29. Ne7+ Kh8 30. Qxd6 Qxc3 31. Ng6+ hxg6 32. Qxf8+ Kh7 33. Qxf7
Qc4 34. Rb1 Bc6 35. Qf4 Bb5 36. Rc1 Qa4 37. Qh4+ Kg8 38. h3 {suite illisible}
1-0

[Event "Championnat de France - Vétérans"]
[Site "PAU"]
[Date "2012.08.19"]
[Round "6.10"]
[White "Molet, Asher"]
[Black "Hodot, Yves"]
[Result "0-1"]
[WhiteElo "1814"]
[BlackElo "1903"]
[Annotator "Rivier,Sylvain"]
[PlyCount "54"]

1. d4 f5 2. Nc3 Nf6 3. Bf4 g6 4. e3 Bg7 5. Bd3 c5 6. Nf3 d6 7. Qd2 O-O 8. O-O
Nc6 9. d5 Nb4 10. a3 Nxd3 11. Qxd3 a6 12. a4 Bd7 13. Nd2 Rc8 14. a5 h6 15. h4
Qe8 16. Nc4 Bb5 17. Nxb5 axb5 18. Nb6 c4 19. Qa3 Rc5 20. Rad1 Kf7 21. f3 Nh5
22. Nd7 Nxf4 23. exf4 Rxd5 24. Nxf8 Bxf8 25. a6 bxa6 26. Qxa6 Ke6 27. Rfe1+ Kf6
{suite illisible} 0-1

[Event "Championnat de France - Vétérans"]
[Site "PAU"]
[Date "2012.08.21"]
[Round "7.1"]
[White "Weill, Roland"]
[Black "Hoyer, Hans-Gerd"]
[Result "1/2-1/2"]
[WhiteElo "2185"]
[BlackElo "1990"]
[PlyCount "170"]

1. e4 d6 2. d4 Nf6 3. Nc3 c6 4. Nf3 Bg4 5. Be2 Nbd7 6. O-O e5 7. Be3 Be7 8. a4
a5 9. Re1 O-O 10. h3 Bh5 11. Nd2 Bxe2 12. Qxe2 Re8 13. Rad1 Qc7 14. Nf1 Bf8 15.
Ng3 g6 16. Qc4 Rac8 17. Qb3 Bg7 18. dxe5 dxe5 19. Nb1 Bf8 20. Nd2 h5 21. Nf3
Nc5 22. Qc4 b5 23. axb5 cxb5 24. Qxb5 Rb8 25. Qc4 Rb4 26. Qa2 Ra4 27. Qb1 Ncxe4
28. Nxe4 Rxe4 29. c3 Rc4 30. Nd2 Rc6 31. Ne4 Nxe4 32. Qxe4 Rc4 33. Bb6 Rxe4 34.
Bxc7 Rxe1+ 35. Rxe1 a4 36. Rxe5 Rc8 37. Ba5 a3 38. bxa3 Bxa3 39. Bb4 Bb2 40.
Re2 Bc1 41. g3 Bg5 42. Kf1 Ra8 43. Rc2 h4 44. g4 Ra1+ 45. Kg2 Ra4 46. Bd6 Rc4
47. Be5 f6 48. Bd4 Kf7 49. Ra2 Rc6 50. Rb2 Rc7 51. Rb6 f5 52. Rb5 Bd2 53. gxf5
Bxc3 54. fxg6+ Kxg6 55. Rc5 Rxc5 56. Bxc5 Kf5 57. Be7 Be5 58. Kf3 Bc7 59. Bxh4
Bd6 60. Bg3 Be7 61. Ke3 Bc5+ 62. Kd3 Bb6 63. Kc4 Bd8 64. Kd5 Ba5 65. Kd6 Bb4+
66. Kd7 Bd2 67. Ke7 Bg5+ 68. Kf7 Bd2 69. Bd6 Be1 70. Bc5 Bc3 71. Be3 Be5 72. f3
Bf6 73. Bd2 Bh4 74. Kg7 Be7 75. Kh6 Bf8+ 76. Kh5 Bg7 77. Bh6 Bf6 78. Be3 Bg7
79. Kh4 Be5 80. Bd2 Bd6 81. Bg5 Be5 82. Kh5 Bg7 83. Bh6 Bf6 84. h4 Be7 85. Bg7
Bxh4 1/2-1/2

[Event "Championnat de France - Vétérans"]
[Site "PAU"]
[Date "2012.08.21"]
[Round "7.2"]
[White "Tilquin, Jean-Pierre"]
[Black "Ruiz, Richard"]
[Result "1/2-1/2"]
[WhiteElo "2000"]
[BlackElo "2119"]
[PlyCount "113"]

1. d4 Nf6 2. c4 g6 3. Nc3 Bg7 4. e4 d6 5. Be2 O-O 6. Nf3 a5 7. O-O Bg4 8. Be3
Nfd7 9. Rc1 e5 10. d5 f5 11. Ng5 f4 12. Bxg4 Qxg5 13. Bd2 Nc5 14. f3 Qd8 15.
Be1 Bf6 16. b3 Bh4 17. a3 Bxe1 18. Rxe1 Nba6 19. Rb1 Nd7 20. b4 axb4 21. axb4
Nf6 22. Be6+ Kh8 23. Na4 b6 24. Qc2 Qe8 25. c5 Nxc5 26. Nxc5 bxc5 27. bxc5 Ra5
28. cxd6 cxd6 29. Qc7 Qd8 30. Rec1 Ra8 31. Rc6 Ne8 32. Qxd8 Rxd8 33. Rb7 Ra8
34. Rc8 Rxc8 35. Bxc8 Ng7 36. Rc7 Rd8 37. Kf2 Ne8 38. Rc6 Kg7 39. Ke2 h5 40.
Kd3 Kf8 41. Kc4 Ke7 42. Kb5 Kf6 43. Kb6 Ke7 44. Kb7 Kf6 45. Bh3 Ke7 46. Rc8
Rxc8 47. Kxc8 Nf6 48. Kc7 Ne8+ 49. Kc6 Nf6 50. Be6 Nh7 51. h4 Nf6 52. Bh3 Nh7
53. Be6 Nf6 54. Bh3 Nh7 55. Be6 Nf6 56. Bh3 Nh7 57. Be6 1/2-1/2

[Event "Championnat de France - Vétérans"]
[Site "PAU"]
[Date "2012.08.21"]
[Round "7.3"]
[White "Dubreuil, Remy"]
[Black "Giffard, Nicolas"]
[Result "0-1"]
[WhiteElo "1854"]
[BlackElo "2363"]
[PlyCount "64"]

1. b4 e5 2. Bb2 d6 3. e3 Nf6 4. Nf3 e4 5. Nd4 Be7 6. c4 c5 7. bxc5 dxc5 8. Nb3
O-O 9. Be2 Re8 10. O-O Bd6 11. Nc3 a6 12. h3 Nbd7 13. d4 exd3 14. Bxd3 Bb8 15.
Qe2 Ne5 16. Rad1 Qc7 17. f4 Nxd3 18. Qxd3 b5 19. Nd5 Nxd5 20. Qxd5 Bb7 21. Qg5
f6 22. Bxf6 bxc4 23. Be5 Qf7 24. Nxc5 Bc6 25. Bd4 Bc7 26. f5 Bd8 27. f6 g6 28.
h4 Bc7 29. h5 Rad8 30. hxg6 hxg6 31. Rf5 a5 32. Qg4 Rxe3 0-1

[Event "Championnat de France - Vétérans"]
[Site "PAU"]
[Date "2012.08.21"]
[Round "7.4"]
[White "Dussol, Pierre"]
[Black "Andrieu, Philippe"]
[Result "1-0"]
[WhiteElo "2210"]
[BlackElo "1890"]
[PlyCount "73"]

1. e4 c5 2. Nf3 Nc6 3. Nc3 d6 4. d4 cxd4 5. Nxd4 Nf6 6. Bc4 g6 7. Nxc6 bxc6 8.
e5 Nd7 9. exd6 exd6 10. O-O Ne5 11. Re1 Be7 12. Bb3 O-O 13. Bh6 Re8 14. h3 Ba6
15. Rxe5 dxe5 16. Qf3 Rf8 17. Bxf8 Qxf8 18. Qxc6 Qc8 19. Qf3 Kh8 20. Nd5 Bg5
21. Nc7 Qxc7 22. Qxa8+ Kg7 23. Qe8 Bb7 24. Qb5 Bc6 25. Qc4 Qd7 26. c3 Qb7 27.
Rd1 Bb5 28. Qd5 Bc6 29. Qxe5+ Bf6 30. Qf4 g5 31. Qf5 Qe7 32. Bc2 Qe2 33. Qxh7+
Kf8 34. Bb3 Bd5 35. Rxd5 Qe1+ 36. Kh2 Qxf2 37. Qxf7+ 1-0

[Event "Championnat de France - Vétérans"]
[Site "PAU"]
[Date "2012.08.21"]
[Round "7.5"]
[White "Birens, Eric-Andre"]
[Black "Pinchon, Henri"]
[Result "1-0"]
[WhiteElo "1955"]
[BlackElo "1886"]
[PlyCount "95"]

1. d4 Nf6 2. c4 c5 3. d5 b5 4. Qc2 d6 5. e4 Nbd7 6. cxb5 a6 7. Nc3 g6 8. Nf3
Bg7 9. h3 O-O 10. Bf4 Nb6 11. a4 axb5 12. Bxb5 Bd7 13. O-O Bxb5 14. axb5 Qd7
15. Ra6 Qb7 16. Rfa1 Nfd7 17. Bg5 f6 18. Bf4 Nb8 19. Rxa8 Nxa8 20. Qa4 Nd7 21.
Qa7 Qxa7 22. Rxa7 Nab6 23. Nd2 Rb8 24. Nb3 g5 25. Bg3 Kf8 26. Na5 Ra8 27. Ra6
Rxa6 28. bxa6 Na8 29. Nb5 Ndb6 30. b3 f5 31. f3 h5 32. Bf2 Nd7 33. Nc6 fxe4 34.
fxe4 Ke8 35. Be3 Bf6 36. Bd2 Ndb6 37. Be3 Kd7 38. a7 Nc7 39. Nxc7 Kxc7 40. b4
Kb7 41. bxc5 Nc4 42. Bf2 Nd2 43. Nd8+ Kxa7 44. cxd6+ Ka8 45. e5 Ne4 46. exf6
Nxf6 47. d7 Nxd5 48. Bc5 1-0

[Event "Championnat de France - Vétérans"]
[Site "PAU"]
[Date "2012.08.21"]
[Round "7.6"]
[White "Coussot, Jean-Claude"]
[Black "Darrigues, Alain"]
[Result "0-1"]
[WhiteElo "1813"]
[BlackElo "1955"]
[PlyCount "92"]

1. d4 Nf6 2. Nc3 d5 3. Bg5 Nbd7 4. Nf3 h6 5. Bh4 b6 6. e3 Bb7 7. Bd3 e6 8. Ne5
Be7 9. f4 O-O 10. O-O c5 11. Rf3 Ne4 12. Bxe7 Qxe7 13. Bxe4 dxe4 14. Rg3 cxd4
15. exd4 Nf6 16. Ng4 Nxg4 17. Qxg4 f5 18. Qh5 Rf6 19. Ne2 Ba6 20. c3 Kh7 21.
Re1 Rd8 22. Rh3 Rg6 23. Rg3 Rxg3 24. Nxg3 Rd5 25. Nf1 Ra5 26. a3 Qc7 27. g3 g6
28. Qd1 Bxf1 29. Kxf1 Rd5 30. Qb3 b5 31. Kf2 g5 32. Ke3 Kg6 33. Rg1 Kf6 34. h4
a5 35. hxg5+ hxg5 36. Qc2 Qg7 37. Qh2 Rd8 38. Rh1 Rg8 39. Kf2 gxf4 40. gxf4 Ke7
41. Rg1 Qxg1+ 42. Qxg1 Rxg1 43. Kxg1 a4 44. Kf2 Kd6 45. Ke2 Kd5 46. Kd2 Kc4 0-1

[Event "Championnat de France - Vétérans"]
[Site "PAU"]
[Date "2012.08.21"]
[Round "7.7"]
[White "Hodot, Yves"]
[Black "Zurano, Alberto"]
[Result "1-0"]
[WhiteElo "1903"]
[BlackElo "1830"]
[PlyCount "59"]

1. e4 c5 2. b4 e6 3. bxc5 Bxc5 4. d4 Bb4+ 5. c3 Be7 6. Nd2 d6 7. f4 Nf6 8. Bd3
Nc6 9. Nh3 Qa5 10. Qc2 h6 11. Rb1 Qc7 12. O-O Bd7 13. Qb2 b6 14. c4 e5 15. Nf3
Bxh3 16. gxh3 Nd7 17. d5 Na5 18. c5 Qxc5+ 19. Kh1 Bf6 20. fxe5 Nxe5 21. Bb5+
Ke7 22. Nxe5 Bxe5 23. Qe2 Rac8 24. Qg4 Rc7 25. Bd2 Rhc8 26. Rxf7+ Kxf7 27. Qe6+
Kf8 28. Rf1+ Bf6 29. Rxf6+ gxf6 30. Bxh6+ 1-0

[Event "Championnat de France - Vétérans"]
[Site "PAU"]
[Date "2012.08.21"]
[Round "7.8"]
[White "Rosenfeld, Imre"]
[Black "Fernandez, Clement"]
[Result "1-0"]
[WhiteElo "1898"]
[BlackElo "1725"]
[PlyCount "78"]

1. d4 d5 2. Nf3 c6 3. e3 Bf5 4. c4 e6 5. Qb3 Qb6 6. c5 Qc7 7. Ne5 Nf6 8. Be2
Nbd7 9. f4 Be7 10. O-O b6 11. cxb6 axb6 12. Nc3 O-O 13. Bd2 Nxe5 14. fxe5 Ne4
15. Nxe4 Bxe4 16. Rac1 c5 17. a3 c4 18. Qd1 b5 19. Qe1 f6 20. exf6 Rxf6 21.
Rxf6 Bxf6 22. Bb4 e5 23. Qg3 Rc8 24. Bg4 Re8 25. Rf1 Qc6 26. Bc5 exd4 27. exd4
Be7 28. Bxe7 Rxe7 29. Qf4 Qe8 30. h4 Bd3 31. Rf2 Re4 32. Bd7 Rxf4 33. Bxe8 Rxd4
34. Bf7+ Kh8 35. Bxd5 h6 36. Rf8+ Kh7 37. Bg8+ Kg6 38. Bf7+ Kh7 39. h5 Rg4 1-0

[Event "Championnat de France - Vétérans"]
[Site "PAU"]
[Date "2012.08.21"]
[Round "7.9"]
[White "Carrot, Patrick"]
[Black "Violeau, Jean-Luc"]
[Result "1/2-1/2"]
[WhiteElo "1864"]
[BlackElo "1887"]
[PlyCount "62"]

1. e4 e6 2. Qe2 c5 3. f4 Nc6 4. Nf3 Be7 5. g3 b6 6. Bg2 Bb7 7. O-O Nh6 8. c3
O-O 9. d4 d5 10. Nbd2 dxe4 11. Qxe4 cxd4 12. cxd4 Nf5 13. Nb3 Rb8 14. Qd3 Bf6
15. Rd1 Qd6 16. Ne5 Nb4 17. Qe2 Bxg2 18. Qxg2 Rbc8 19. Qe4 Rfd8 20. Bd2 Nc2 21.
Rac1 Be7 22. Rxc2 Rxc2 23. Qxc2 Nxd4 24. Nxd4 Qxd4+ 25. Kf1 Bc5 26. Ng4 Qg1+
27. Ke2 Qg2+ 28. Ke1 Qg1+ 29. Ke2 Qg2+ 30. Ke1 Qg1+ 31. Ke2 Qg2+ 1/2-1/2

[Event "Championnat de France - Vétérans"]
[Site "PAU"]
[Date "2012.08.21"]
[Round "7.10"]
[White "Grizou, Regis"]
[Black "Siberchicot, Robert"]
[Result "1-0"]
[WhiteElo "2159"]
[BlackElo "1801"]
[PlyCount "93"]

1. d4 e6 2. Nf3 d5 3. c4 Nf6 4. Nc3 Nbd7 5. Bg5 Be7 6. e3 O-O 7. Qc2 b6 8. cxd5
exd5 9. Bd3 Bb7 10. O-O c5 11. dxc5 bxc5 12. Be2 h6 13. Bh4 Rc8 14. Rfd1 Qb6
15. Qa4 Qb4 16. Qxb4 cxb4 17. Nb5 Bc5 18. Rac1 a6 19. Nbd4 g6 20. Ne5 Bxd4 21.
exd4 Rfe8 22. Nxd7 Nxd7 23. Bd3 Kg7 24. f3 g5 25. Bg3 Nf6 26. Be5 Rxc1 27. Rxc1
Rc8 28. Rxc8 Bxc8 29. Kf2 a5 30. Bb5 Kg6 31. Bc7 Bd7 32. Bxd7 Nxd7 33. Bxa5 b3
34. axb3 Kf5 35. b4 Ke6 36. b5 Kd6 37. Ke3 Nf8 38. f4 gxf4+ 39. Kxf4 Ne6+ 40.
Ke3 Kd7 41. Bb4 f5 42. Bc5 h5 43. b4 Ke8 44. Kf3 Kd7 45. Kg3 Ke8 46. Kh4 Kd7
47. Kxh5 1-0

[Event "Championnat de France - Vétérans"]
[Site "PAU"]
[Date "2012.08.22"]
[Round "8.1"]
[White "Weill, Roland"]
[Black "Tilquin, Jean-Pierre"]
[Result "1-0"]
[WhiteElo "2185"]
[BlackElo "2000"]
[PlyCount "171"]

1. c4 Nf6 2. Nc3 g6 3. e4 d6 4. d4 Bg7 5. f3 a6 6. Be3 c6 7. Nge2 O-O 8. Nc1 b5
9. Qd2 Nbd7 10. cxb5 axb5 11. b4 Nb6 12. Nb3 Be6 13. Na5 Rxa5 14. bxa5 Nc4 15.
Bxc4 Bxc4 16. Kf2 Qxa5 17. a4 b4 18. Na2 c5 19. Rhc1 Bxa2 20. Rxa2 Rc8 21. dxc5
dxc5 22. Rac2 Rd8 23. Qe1 Nd7 24. Rd1 Bc3 25. Rxc3 bxc3 26. Rd3 Qxa4 27. Qxc3
Rc8 28. Qd2 Rc7 29. Bh6 f6 30. Rd6 e6 31. Rxe6 Kf7 32. Rd6 Ke7 33. Qd5 Qd4+ 34.
Qxd4 cxd4 35. Rxd4 Rc2+ 36. Rd2 Rc3 37. Bf4 Ke6 38. Rd6+ Ke7 39. Ra6 Rd3 40.
Ke2 Rd4 41. Be3 Rb4 42. Ra7 Rb2+ 43. Kf1 Rb1+ 44. Kf2 Rb2+ 45. Kg3 Rc2 46. Bd4
Rc6 47. h4 Ke8 48. Bb2 Rd6 49. Ra8+ Kf7 50. Rh8 Kg7 51. Rd8 Rd3 52. Rc8 Kf7 53.
Rc7 Ke6 54. Rc6+ Kf7 55. Bc3 Rd1 56. Bb4 Rd4 57. Rd6 Rxd6 58. Bxd6 Ke6 59. Bc7
f5 60. Kf4 fxe4 61. fxe4 h6 62. Ke3 Nf6 63. Bd8 Ng4+ 64. Kf4 Ne5 65. Bb6 Nf7
66. Bc7 Kd7 67. Bb8 Ke6 68. Ke3 Nd8 69. Kf3 Nf7 70. Bc7 Kd7 71. Ba5 Ne5+ 72.
Ke2 Ke6 73. Bc3 Nf7 74. Bg7 Kd6 75. Kd3 Ke6 76. Kd4 h5 77. Ke3 g5 78. hxg5 Nxg5
79. Kf4 Nf7 80. Bd4 Nd6 81. Bb2 Nf7 82. Bc3 Nd6 83. Ba5 Ne8 84. Bb6 Nf6 85. Bd4
Nh7 86. Bc3 1-0

[Event "Championnat de France - Vétérans"]
[Site "PAU"]
[Date "2012.08.22"]
[Round "8.3"]
[White "Hoyer, Hans-Gerd"]
[Black "Hodot, Yves"]
[Result "0-1"]
[WhiteElo "1990"]
[BlackElo "1903"]
[PlyCount "120"]

1. Nf3 f5 2. g3 Nf6 3. Bg2 g6 4. d3 Bg7 5. Nbd2 d5 6. O-O O-O 7. c3 Nc6 8. Qc2
e5 9. e4 Kh8 10. b4 fxe4 11. dxe4 dxe4 12. Nxe4 Nxe4 13. Qxe4 Bf5 14. Qe3 h6
15. b5 e4 16. bxc6 exf3 17. Bxf3 b6 18. Rd1 Qf6 19. Bg2 Rae8 20. Qd4 Bc2 21.
Qxf6 Rxf6 22. Rf1 Bd3 23. Rd1 Be2 24. Re1 Rfe6 25. Bb2 Bc4 26. Rxe6 Rxe6 27. a4
Bb3 28. Bf3 Rd6 29. a5 b5 30. Re1 Re6 31. Rb1 Bc2 32. Rc1 Bf5 33. Ba3 h5 34.
Bc5 a6 35. Bd4 Bh3 36. Be3 Kh7 37. Rd1 Re7 38. Rc1 Bh6 39. Bxh6 Kxh6 40. Rd1
Kg5 41. Bd5 Kf6 42. f4 Re3 43. Rc1 Bf5 44. Kf2 Rd3 45. Bf3 Rd2+ 46. Kg1 Ra2 47.
Bd5 Rxa5 48. Re1 b4 49. Bc4 bxc3 50. Rc1 c2 51. Bb3 Rc5 52. Ba4 Rc4 53. Bb3 Rb4
54. Bxc2 Rc4 55. Ra1 Rxc2 56. Rxa6 Be4 57. h3 Rg2+ 58. Kf1 Rxg3 59. Ra7 Rxh3
60. Ra4 Bxc6 0-1

[Event "Championnat de France - Vétérans"]
[Site "PAU"]
[Date "2012.08.22"]
[Round "8.4"]
[White "Ruiz, Richard"]
[Black "Darrigues, Alain"]
[Result "1-0"]
[WhiteElo "2119"]
[BlackElo "1955"]
[PlyCount "41"]

1. d4 Nf6 2. Nf3 g6 3. Nc3 d5 4. Bf4 Bg7 5. e3 O-O 6. Be2 c6 7. Ne5 b6 8. h4
Bb7 9. h5 Nbd7 10. hxg6 hxg6 11. Bg4 Re8 12. Qf3 Nf8 13. O-O-O b5 14. Bh6 N8h7
15. Qf4 Rf8 16. Rh2 Qe8 17. Bf3 Rd8 18. Rdh1 Rd6 19. Bxg7 Kxg7 20. Rxh7+ Nxh7
21. Qh6+ 1-0

[Event "Championnat de France - Vétérans"]
[Site "PAU"]
[Date "2012.08.22"]
[Round "8.5"]
[White "Birens, Eric-Andre"]
[Black "Rosenfeld, Imre"]
[Result "0-1"]
[WhiteElo "1955"]
[BlackElo "1898"]
[Annotator "Rivier,Sylvain"]
[PlyCount "58"]

1. d4 d5 2. c4 dxc4 3. Nf3 Nf6 4. e3 e6 5. Bxc4 c5 6. O-O a6 7. Bb3 Nc6 8. a3
Qc7 9. Nc3 Be7 10. d5 exd5 11. Nxd5 Nxd5 12. Bxd5 O-O 13. e4 Bf6 14. h3 Ne7 15.
Ba2 b6 16. Qe2 Ng6 17. Bd5 Bb7 18. Bxb7 Qxb7 19. e5 Rfe8 20. Re1 Nxe5 21. Nxe5
Rxe5 22. Be3 Rae8 23. Qd3 R5e6 24. Rab1 Bd4 25. Red1 Bxe3 26. fxe3 h6 27. Re1
Re4 28. Rbc1 Qc6 29. Rc3 b5 {suite illisible} 0-1

[Event "Championnat de France - Vétérans"]
[Site "PAU"]
[Date "2012.08.22"]
[Round "8.6"]
[White "Pont, Jean-Claude"]
[Black "Grizou, Regis"]
[Result "1/2-1/2"]
[WhiteElo "1865"]
[BlackElo "2159"]
[PlyCount "49"]

1. d4 d5 2. Nf3 c6 3. Bf4 g6 4. Nbd2 Bg7 5. e3 Nf6 6. h3 O-O 7. Be2 b6 8. b4 e6
9. O-O Qe7 10. Rb1 Nbd7 11. c4 Bb7 12. c5 Rfc8 13. Qb3 Ne8 14. Rfc1 e5 15. dxe5
Nxe5 16. Nxe5 Bxe5 17. Bxe5 Qxe5 18. Nf3 Qe7 19. Ne5 Rc7 20. a4 Rac8 21. Bg4
Rd8 22. Be2 Rdc8 23. Bg4 Rd8 24. Be2 Rdc8 25. Bg4 1/2-1/2

[Event "Championnat de France - Vétérans"]
[Site "PAU"]
[Date "2012.08.22"]
[Round "8.7"]
[White "Andrieu, Philippe"]
[Black "Carrot, Patrick"]
[Result "1-0"]
[WhiteElo "1890"]
[BlackElo "1864"]
[PlyCount "71"]

1. d4 Nf6 2. Nc3 d5 3. Bg5 Bf5 4. Nf3 e6 5. e3 h6 6. Bh4 Be7 7. Be2 O-O 8. O-O
c5 9. Ne5 cxd4 10. exd4 Nc6 11. Nxc6 bxc6 12. Na4 g5 13. Bg3 Ne4 14. Be5 f6 15.
f3 fxe5 16. fxe4 Bxe4 17. Rxf8+ Bxf8 18. c4 exd4 19. Qxd4 Bg7 20. Qc5 Qc7 21.
Rd1 Rb8 22. Qe3 Qe7 23. b3 Re8 24. Nc5 Bg6 25. Bg4 Bf7 26. Nd3 e5 27. c5 e4 28.
Nb4 Qc7 29. Qh3 Re7 30. Nc2 Qa5 31. b4 Qxa2 32. Ne3 Bg6 33. Bd7 d4 34. Bxc6
dxe3 35. Bd5+ Qxd5 36. Rxd5 1-0

[Event "Championnat de France - Vétérans"]
[Site "PAU"]
[Date "2012.08.22"]
[Round "8.8"]
[White "Violeau, Jean-Luc"]
[Black "Dubreuil, Remy"]
[Result "1/2-1/2"]
[WhiteElo "1887"]
[BlackElo "1854"]
[PlyCount "48"]

1. Nf3 Nf6 2. c4 c5 3. Nc3 Nc6 4. e4 d6 5. d4 cxd4 6. Nxd4 Nxd4 7. Qxd4 g6 8.
b3 Bg7 9. Bb2 O-O 10. Be2 b6 11. Qd2 Bb7 12. Bf3 Qc8 13. O-O h5 14. Nd5 Nxd5
15. exd5 Bxb2 16. Qxb2 e5 17. Qd2 Qc5 18. Bxh5 gxh5 19. Qg5+ Kh7 20. Qxh5+ Kg7
21. Qg5+ Kh7 22. Qh5+ Kg7 23. Qg5+ Kh7 24. Qh5+ Kg7 1/2-1/2

[Event "Championnat de France - Vétérans"]
[Site "PAU"]
[Date "2012.08.22"]
[Round "8.9"]
[White "Cortes, Jaime"]
[Black "Lapierre, Jacques"]
[Result "1-0"]
[WhiteElo "1895"]
[BlackElo "1854"]
[PlyCount "41"]

1. c4 e6 2. d4 Nf6 3. g3 d5 4. Bg2 c6 5. Nf3 Nbd7 6. Qc2 Bd6 7. O-O h6 8. b3 a5
9. Bb2 a4 10. Nbd2 O-O 11. Ne5 Re8 12. f4 Nf8 13. c5 Be7 14. b4 N6d7 15. Bh3 f5
16. g4 fxg4 17. Bxg4 Nf6 18. Bf3 N6d7 19. Kh1 Bf6 20. Rg1 Kh8 21. Nf7+ 1-0

[Event "Championnat de France - Vétérans"]
[Site "PAU"]
[Date "2012.08.22"]
[Round "8.10"]
[White "Rundstrom, Douglas"]
[Black "Peyrin, Jean"]
[Result "0-1"]
[WhiteElo "1808"]
[BlackElo "1949"]
[PlyCount "98"]

1. d4 Nf6 2. c4 e6 3. Nf3 Bb4+ 4. Bd2 Qe7 5. a3 Bxd2+ 6. Nbxd2 a5 7. e3 d6 8.
Bd3 O-O 9. Qc2 Nbd7 10. O-O a4 11. Ng5 h6 12. Nge4 e5 13. Nxf6+ Nxf6 14. d5 Nd7
15. f4 exf4 16. exf4 Nc5 17. Rae1 Qf6 18. Kh1 Bd7 19. Ne4 Nxe4 20. Bxe4 Rfe8
21. Qc3 Qxc3 22. bxc3 Kf8 23. Bd3 Ra5 24. Rxe8+ Kxe8 25. Rb1 b6 26. f5 Ke7 27.
g4 Rc5 28. Kg2 b5 29. Rb4 bxc4 30. Bxc4 c6 31. Be2 cxd5 32. Rb7 Kd8 33. Rb8+
Rc8 34. Rxc8+ Kxc8 35. Bf3 Kc7 36. Bxd5 Bc6 37. Bxc6 Kxc6 38. Kf3 Kd5 39. Ke3
Kc4 40. Kd2 Kb3 41. h3 g6 42. fxg6 fxg6 43. h4 g5 44. hxg5 hxg5 45. Kd3 Kxa3
46. Kc2 d5 47. c4 Kb4 48. cxd5 Kc5 49. d6 Kxd6 0-1

[Event "Championnat de France - Vétérans"]
[Site "PAU"]
[Date "2012.08.23"]
[Round "9.1"]
[White "Hodot, Yves"]
[Black "Weill, Roland"]
[Result "0-1"]
[WhiteElo "1903"]
[BlackElo "2185"]
[Annotator "Rivier,Sylvain"]
[PlyCount "75"]

1. e4 c5 2. b4 cxb4 3. c4 e5 4. Bb2 Nc6 5. Nf3 d6 6. d4 Be7 7. d5 Nb8 8. c5 Nf6
9. cxd6 Bxd6 10. Nbd2 O-O 11. Bd3 Re8 12. O-O Na6 13. Nc4 Bg4 14. h3 Bxf3 15.
Qxf3 Nc5 16. g4 h6 17. Bc1 Bf8 18. Re1 Nh7 19. Bf1 b5 20. Nb2 a6 21. Qg3 Qf6
22. Bg2 Rac8 23. h4 Be7 24. g5 hxg5 25. hxg5 Nxg5 26. Bd2 Nh7 27. Nd3 a5 28.
Rac1 Nb7 29. Bh3 Rxc1 30. Rxc1 Qh4 31. Qxh4 Bxh4 32. Bd7 Rd8 33. Rc7 Nd6 34. f3
Nf8 35. Bg4 Bf6 36. Be3 Ng6 37. Bh6 Nc4 38. Rc6 {suite illisible} 0-1